Chisungu : a girls' initiation ceremony among the Bemba of Zambia

Αποθηκεύτηκε σε:
Λεπτομέρειες βιβλιογραφικής εγγραφής
Κύριος συγγραφέας: Richards, Audrey Isabel 1899-
Μορφή: Βιβλίο
Γλώσσα:English
Δημοσίευση: London : Tavistock, 1982
Έκδοση:2nd ed.
Σειρά:Social science paperbacks
Θέματα:
Ετικέτες: Προσθήκη ετικέτας
Δεν υπάρχουν, Καταχωρήστε ετικέτα πρώτοι!

MARC

LEADER 00000pam a2200000 i 4500
001 1/73135
008 970401r19821956 eng d
020 |a 0-422-78070-7 
035 |l 10003165 
040 |a GR-MY-UA  |b gre  |e aacr 
041 0 |a eng 
082 0 |a 392.14 
100 1 |a Richards, Audrey Isabel  |d 1899- 
245 1 0 |a Chisungu :  |b a girls' initiation ceremony among the Bemba of Zambia /  |c Audrey I. Richards ; Introduction by Jean La Fontaine 
250 |a 2nd ed. 
260 |a London :   |b Tavistock,   |c 1982 
300 |a xl, 224 σ., [14] φύλλα από πίνακες;  |b εικ.;  |c 22 εκ. 
490 1 |a Social science paperbacks 
500 |a Reprint. Originally published: London : Faber and Faber, 1956 
504 |a Περιέχει βιβλιογραφικές παραπομπές (σ. 213-216) και ευρετήριο 
650 0 0 |a Bemba (African people) 
650 0 0 |a Puberty rites  |z Zambia. 
830 0 |a Social science paperbacks 
852 |a INST  |b LESVOS  |e 19970401  |h 392.14 RIC  |p 005100011653  |q 005100011653  |t BK  |y 0 
909 |a Λ  |b 02883